Saved from Sacrifice (Record no. 16973)
[ view plain ]
| 000 -LEADER | |
|---|---|
| fixed length control field | 00616nam a2200241 a 4500 |
| 020 ## - INTERNATIONAL STANDARD BOOK NUMBER | |
| ISBN | 9780802832153 |
| 082 00 - DEWEY DECIMAL CLASSIFICATION NUMBER | |
| Classification number | 232.3 |
| Author Cutter | HEI |
| 100 ## - MAIN ENTRY--AUTHOR NAME | |
| Author name | Heim, S Mark |
| 245 ## - TITLE STATEMENT | |
| Title | Saved from Sacrifice |
| Sub title | A Theology of the Cross |
| 260 ## - PUBLICATION, DISTRIBUTION, ETC. (IMPRINT) | |
| Place of publication | Michigan |
| Name of publisher | William B.Eerdmans Pub |
| Year of publication | 2006 |
| 300 ## - PHYSICAL DESCRIPTION | |
| Number of Pages | 346p |
| 500 ## - GENERAL NOTE | |
| General note | includes index and biblioraphy |
| 505 2# - FORMATTED CONTENTS NOTE | |
| Formatted contents note | Bibliography, Index |
| 650 ## - SUBJECT ADDED ENTRY--TOPICAL TERM | |
| Topical Term | Atonement |
| 942 ## - ADDED ENTRY ELEMENTS (KOHA) | |
| Koha item type | Books |
| 700 1# - | |
| -- | Heim, S Mark |
| Collection code | Home library | Current library | Date acquired | Cost, normal purchase price | Full call number | Accession Number | Koha item type |
|---|---|---|---|---|---|---|---|
| Henry Martyn Institute Library | Henry Martyn Institute Library | 04/13/2010 | 820.00 | 232.3 HEI | 023270 | Books |
